000 00631nam a2200193Ia 4500
003 GCL
008 140319s9999 xx 000 0 ara d
040 _aGCL /
_cGCL
082 0 4 _a810.9023
_bس م
100 1 _aالسعيد الورقى
245 1 0 _aمفهوم الواقعية فى القصيدة القصيرة عند يوسف ادريس /
_cالسعيد الورقى
260 _a[S.N] :
_bدار المعرفة الجامعية ،
_c1990
300 _a201 ص
490 _a
650 0 4 _aالادب العربى
650 0 4 _aالكتابة الفنية
650 0 4 _aالقصيدة العربية
942 _2ddc
_cBK
999 _c53346
_d53346